000 00607cab a2200205 4500
001 ABS40920
008 090401t1989 xxu||||| |||| 00| 0 eng d
035 _a(Sirsi) u26968
041 _aeng
100 _aNarayanan, R. S.
245 _aComparison of design requirements in EC2 and BS 8110
260 _c1989
350 _a0
490 _aStructural Engineer
_v67(11) June 1989, 218-227(10)
520 _aCompares BS 8110 on pre-stressed concrete to the proposed European Standard EC2 .
650 _aEUROPE
690 _aBUILT ENVIRONMENT-BUILDING MATERIALS
942 _n0
948 _c04/03/1997
999 _c18169
_d18169